Tilastot visalle Pohjois-Amerikan valtiot

Klikkaa tästä pelataksesi tätä visaa!

Yleistilastot

  • Tätä visaa on pelattu 5 010 kertaa
  • Keskiarvotulos 16 / 23

Vastaukset kartalla

Vastauksille on annettu kartalla punavihreä väri sen mukaan, kuinka moni on saanut sen oikein.
Ladataan ...
 

Vastaustilastot

Valtio% Oikein
Yhdysvallat
99%
Kanada
99%
Meksiko
98%
Kuuba
90%
Jamaika
81%
Panama
81%
Haiti
80%
Honduras
73%
Costa Rica
72%
Bahama
70%
Dominikaaninen
tasavalta
67%
El Salvador
67%
Nicaragua
66%
Dominica
66%
Guatemala
64%
Belize
60%
Barbados
55%
Saint Lucia
54%
Trinidad ja Tobago
50%
Antigua ja Barbuda
49%
Saint Kitts ja Nevis
47%
Saint Vincent ja
Grenadiinit
47%
Grenada
45%

Tulosjakauma

Persentiili vastausten määrän mukaan

Jokaisen tuloksen saaneiden osuus

Tuloshistoriasi

Et ole pelannut tätä visaa